000
00222 a2200097 4500
001
30487
100
_a
Quirk, RAN
245
_a
Oxford Progressive English
260
_a
London
_b
Oxford University
_c
090
_c
20424
_d
20424
942
_a
NUST-CAE
_c
M
_c
11586
999
_c
265560
_d
265560